| 000 | 00619cam a2200217ua 4500 | ||
|---|---|---|---|
| 001 | 9559 | ||
| 008 | 160218n ii |||gr||||Z||||||asm | ||
| 020 | _a9788120288515 | ||
| 040 | _cMAIN | ||
| 041 | _aasm | ||
| 082 | _a491.45103 | ||
| 100 |
_aNath, Junaram, _eAuthor. |
||
| 245 | 1 |
_aAsomor manuhor upadhi aru gutro abhidhan _cby Junaram Nath |
|
| 250 |
_a1st ed. / _bAsamiya jatiya kosh-1. |
||
| 260 |
_aNagaon: _bJagaran sahitya prakashan, _c2015. |
||
| 300 | _a454p. | ||
| 653 | _aEast Indo-European & Celtic languages | ||
| 653 | _aAssamese dictionary | ||
| 653 | _aDictionary on title and gutro | ||
| 942 | _cBK | ||
| 999 |
_c8591 _d8591 |
||